000 00814nam a2200229 i 4500
001 24166
003 ES-MaACL
005 20250804062731.0
007 t|
008 021213s1972 sp ||||1| spa d
100 1 _aAmor Ruibal, Ángel,
_d1869-1930
_921296
245 1 4 _aLos problemas fundamentales de la Filosofía y del Dogma /
_cAngel Amor Ruibal ; nueva edición e introducción por Saturnino Casas Blanco.
260 _aMadrid :
_bInstituto de Filosofía "Luis Vives",
_c1972.
300 _a1 v. ;
_c24 cm.
505 8 _aContiene: V. I.
650 0 7 _aFilosofía
_2embne
_912802
650 0 7 _aTeología
_2embne
_917457
700 1 _aCasas Blanco, Saturnino.
_936214
710 2 _aInstituto de Filosofía "Luis Vives"
_9169712
852 _aES-MaACL
_jP-1596
_bR.82304
999 _c24166
_d24166